The Built Environment in a Changing Climate (Record no. 25347)

MARC details
000 -LEADER
fixed length control field 01380nam a2200133Ia 4500
008 - FIXED-LENGTH DATA ELEMENTS--GENERAL INFORMATION
fixed length control field 220620s9999||||xx |||||||||||||| ||und||
020 ## - INTERNATIONAL STANDARD BOOK NUMBER
International Standard Book Number 9783040000000
245 #4 - TITLE STATEMENT
Title The Built Environment in a Changing Climate
Remainder of title Interactions, Challenges and Perspectives
546 ## - LANGUAGE NOTE
Language note English[eng]
650 ## - SUBJECT ADDED ENTRY--TOPICAL TERM
Topical term or geographic name entry element outdoor space||thermal environment||radiation environment||wind environment||heat-related mortality||built environment||urban resilience||extreme heat||climate change||urban heat island||heat stress from outside||indoor environments||tropics||multi-level office buildings||coastal cities||Mediterranean climate||urban heat island intensity||sample year||climate change adaptation||barriers||focus group discussion||Tehran||structural equation modeling||urban management||near-zero energy buildings||future scenarios||energy efficiency||adaptive comfort||long-term performance||urban heat||Australia||UHI effect||mitigation||bushfire smoke||indoor air quality||filtration||building envelope||energy||future weather data||building energy performance||thermal comfort||statistical downscaling of climate models||dynamical downscaling of climate models||urban modelling||cities||buildings||decarbonization||urbanisation||climate||densification||population||temperature||n/a
700 ## - ADDED ENTRY--PERSONAL NAME
Personal name Ulpiani, Giulia||Zinzi, Michele
856 ## - ELECTRONIC LOCATION AND ACCESS
Uniform Resource Identifier <a href="https://mdpi.com/books/pdfview/book/4640">https://mdpi.com/books/pdfview/book/4640</a>
942 ## - ADDED ENTRY ELEMENTS (KOHA)
Koha item type E-Books
Holdings
Withdrawn status Lost status Damaged status Not for loan Home library Current library Date acquired Total Checkouts Date last seen Price effective from Koha item type
        Kerala University of Digital Sciences, Innovation and Technology Knowledge Centre Kerala University of Digital Sciences, Innovation and Technology Knowledge Centre 20/06/2022   20/06/2022 20/06/2022 E-Books